Statistics for Country Codes Quiz

Click here to take the quiz!

General Stats

  • This quiz has been taken 38,463 times
    (38,445 since last reset)
  • The average score is 17 of 30

Answer Stats

Code Country % Correct
USUnited States
100%
MXMexico
98%
FRFrance
98%
AUAustralia
97%
NZNew Zealand
96%
JPJapan
89%
CACanada
88%
ESSpain
79%
DKDenmark
76%
GBUnited Kingdom
76%
AFAfghanistan
75%
IQIraq
74%
BRBrazil
60%
GRGreece
60%
DEGermany
59%
BZBelize
56%
CNChina
54%
COColombia
51%
IEIreland
50%
ATAustria
47%
SASaudi Arabia
39%
CHSwitzerland
36%
SESweden
33%
EGEgypt
31%
HRCroatia
24%
CLChile
24%
SGSingapore
21%
ZASouth Africa
21%
AEUnited Arab Emirates
16%
RSSerbia
8%

Score Distribution

Percentile by Number Answered

Percent of People with Each Score

Your Score History

You have not taken this quiz since the last reset